CBBUK HMS (2001-2018) - Statistics

General Stats
  • This quiz has been taken 60 times
  • The average score is 108 of 276
Answer Stats
Season HM Place % Correct
CBB18 Heavy D 11th
100%
CBB19 Ray J 18th
86%
CBB7 Alex Reid 1st
57%
CBB1 Anthea Turner 4th
57%
CBB18 Aubrey O'Day 5th
57%
CBB6 Ben Adams 5th
57%
CBB3 Bez 1st
57%
CBB3 Brigitte Nielsen 3rd
57%
CBB15 Cami-Li 8th
57%
CBB5 Carole Malone 10th
57%
CBB4 Chantelle Houghton 1st
57%
CBB18 Chloe Khan 12th
57%
CBB1 Chris Eubank 6th
57%
CBB18 Christopher Biggins 15th
57%
CBB1 Claire Sweeney 2nd
57%
CBB6 Coolio 3rd
57%
CBB5 Danielle Lloyd 5th
57%
CBB4 Dennis Rodman 7th
57%
CBB5 Donny Tourette 14th
57%
CBB18 Frankie Grande 6th
57%
CBB4 George Galloway 8th
57%
CBB2 Goldie 6th
57%
CBB5 Ian H Watkins 4th
57%
CBB1 Jack Dee 1st
57%
CBB3 Jackie Stallone 8th
57%
CBB5 Jack Tweed 6th
57%
CBB5 Jade Goody 9th
57%
CBB20 Jemmy Lucy 6th
57%
CBB5 Jermaine Jackson 2nd
57%
CBB4 Jodie Marsh 11th
57%
CBB3 John Mccririck 7th
57%
CBB7 Jonas Altberg 4th
57%
CBB18 Katie Waissel 8th
57%
CBB1 Keith Duffy 3rd
57%
CBB6 La Toya Jackson 7th
57%
CBB18 Lewis Bloor 10th
57%
CBB6 Lucy Pinder 11th
57%
CBB4 Maggot 3rd
57%
CBB20 Marissa Jade 15th
57%
CBB2 Mark Owen 1st
57%
CBB18 Marnie Simpson 4th
57%
CBB2 Melinda Messenger 3rd
57%
CBB4 Michael Barrymore 2nd
57%
CBB4 Pete Burns 5th
57%
CBB4 Preston 4th
57%
CBB4 Rula Lenska 9th
57%
CBB18 Saira Khan 13th
57%
CBB17 Scotty T 1st
57%
CBB5 Shilpa Shetty 1st
57%
CBB18 Stephen Bear 1st
57%
CBB6 Terry Christian 2nd
57%
CBB6 Tina Malone 10th
57%
CBB6 Ulrika Jonsson 1st
57%
CBB1 Vanessa Feltz 5th
57%
CBB6 Verne Troyer 4th
57%
CBB7 Vinnie Jones 3rd
57%
CBB12 Abz Love 2nd
43%
CBB15 Alexander O'Neal 12th
43%
CBB15 Alicia Douvall 11th
43%
CBB21 Amanda Barrie 6th
43%
CBB20 Amelia Lily 2nd
43%
CBB8 Amy Childs 4th
43%
CBB21 Andrew Brady 11th
43%
CBB19 Angie Best 16th
43%
CBB17 Angie Bowie 12th
43%
CBB21 Ann Widdecombe 2nd
43%
CBB21 Ashley James 8th
43%
CBB10 Ashley Mckenzie 5th
43%
CBB14 Audley Harrison 2nd
43%
CBB19 Bianca Gascoigne 6th
43%
CBB19 Brandon Block 17th
43%
CBB12 Bruce Jones 9th
43%
CBB15 Calum Best 3rd
43%
CBB19 Calum Best 7th
43%
CBB3 Caprice Bourret 5th
43%
CBB13 Casey Batchelor 6th
43%
CBB20 Chad Johnson 5th
43%
CBB12 Charlotte Crosby 1st
43%
CBB19 Chloe Ferry 12th
43%
CBB17 Christopher Maloney 9th
43%
CBB14 Claire King 12th
43%
CBB11 Claire Richards 4th
43%
CBB10 Coleen Nolan 2nd
43%
CBB19 Coleen Nolan 1st
43%
CBB21 Courtney Act 1st
43%
CBB16 Daniel Baldwin 13th
43%
CBB17 Danniella Westbrook 5th
43%
CBB22 Dan Osbourne 3rd
43%
CBB17 Darren Day 3rd
43%
CBB8 Darryn Lyons 6th
43%
CBB17 David Gest 13th
43%
CBB14 Dee Kelly 5th
43%
CBB9 Denise Welch 1st
43%
CBB4 Faria Alam 10th
43%
CBB16 Farrah Abraham 9th
43%
CBB14 Frenchy 11th
43%
CBB22 Gabby Allen 6th
43%
CBB9 Gareth Thomas 3rd
43%
CBB14 Gary Busey 1st
43%
CBB17 Gemma Collins 7th
43%
CBB9 Georgia Salpa 10th
43%
CBB3 Germaine Greer 9th
43%
CBB11 Heidi Montag and Spencer Pratt 2nd
43%
CBB19 Heidi Montag and Spencer Pratt 9th
43%
CBB21 India Willoughby 16th
43%
CBB19 James Cosmo 4th
43%
CBB16 James Hill 1st
43%
CBB14 James Jordan 3rd
43%
CBB19 James Jordan 13th
43%
CBB16 Janice Dickinson 7th
43%
CBB13 Jasmine Waltz 11th
43%
CBB19 Jasmine Waltz 14th
43%
CBB8 Jedward 3rd
43%
CBB19 Jedward 2nd
43%
CBB3 Jeremy Edwards 4th
43%
CBB15 Jeremy Jackson 15th
43%
CBB21 Jess Impiazzi 4th
43%
CBB13 Jim Davidson 1st
43%
CBB17 John Partridge 6th
43%
CBB21 Jonny Mitchell 10th
43%
CBB5 Jo O'meara 8th
43%
CBB20 Jordan Davies 12th
43%
CBB10 Julian Clary 1st
43%
CBB15 Katie Hopkins 2nd
43%
CBB15 Katie Price 1st
43%
CBB15 Kavana 7th
43%
CBB14 Kellie Maloney 9th
43%
CBB3 Kenzie 2nd
43%
CBB8 Kerry Katona 2nd
43%
CBB19 Kim Woodburn 3rd
43%
CBB9 Kirk Norcross 9th
43%
CBB22 Kirstie Alley 2nd
43%
CBB17 Kristina Rihanoff 11th
43%
CBB7 Lady Sovereign 10th
43%
CBB13 Lee Ryan 7th
43%
CBB5 Leo Sayer 11th
43%
CBB2 Les Dennis 2nd
43%
CBB14 Leslie Jordan 13th
43%
CBB13 Linda Nolan 8th
43%
CBB13 Lionel Blair 10th
43%
CBB3 Lisa Ianson 6th
43%
CBB13 Liz Jones 9th
43%
CBB12 Louie Spence 7th
43%
CBB12 Mario Falcone 5th
43%
CBB10 MC Harvey 6th
43%
CBB17 Megan McKenna 10th
43%
CBB6 Michelle Heaton 8th
43%
CBB15 Michelle Visage 5th
43%
CBB6 Mutya Buena 9th
43%
CBB17 Nancy Dell'ollio 14th
43%
CBB9 Nicola Mclean 7th
43%
CBB19 Nicola Mclean 5th
43%
CBB13 Ollie Locke 3rd
43%
CBB8 Paddy Doherty 1st
43%
CBB15 Perez Hilton 6th
43%
CBB21 Rachel Johnson 15th
43%
CBB18 Renee Graziano 3rd
43%
CBB18 Ricky Norwood 2nd
43%
CBB22 Roxanne Pallett 9th
43%
CBB22 Ryan Thomas 1st
43%
CBB11 Rylan Clark-Neal 1st
43%
CBB8 Sally Bercow 10th
43%
CBB13 Sam Faiers 5th
43%
CBB20 Sam Thompson 3rd
43%
CBB20 Sarah Harding 1st
43%
CBB20 Shaun Williamson 7th
43%
CBB14 Stephanie Pratt 10th
43%
CBB7 Stephen Baldwin 9th
43%
CBB2 Sue Perkins 4th
43%
CBB8 Tara Reid 8th
43%
CBB17 Tiffany Pollard 4th
43%
CBB16 Tila Tequila 14th
43%
CBB6 Tommy Sheridan 6th
43%
CBB4 Traci Bingham 6th
43%
CBB20 Trisha Paytas 13th
43%
CBB17 Winston McKenzie 16th
43%
CBB9 Andrew Stone 12th
29%
CBB2 Anne Diamond 5th
29%
CBB16 Austin Armacost 2nd
29%
CBB19 Austin Armacost 15th
29%
CBB22 Ben Jardine 10th
29%
CBB20 Brandi Glanville 11th
29%
CBB12 Carol McGiffin 4th
29%
CBB10 Cheryl Fergison 12th
29%
CBB22 Chloe Ayling 11th
29%
CBB15 Chloe Goodman 13th
29%
CBB5 Cleo Rocos 7th
29%
CBB7 Dane Bowers 2nd
29%
CBB10 Danica Thrall 9th
29%
CBB21 Daniel O'Reilly 9th
29%
CBB13 Dappy 2nd
29%
CBB14 David Mcintosh 14th
29%
CBB5 Dirk Benedict 3rd
29%
CBB14 Edele Lynch 6th
29%
CBB13 Evander Holyfield 12th
29%
CBB9 Frankie Cocozza 2nd
29%
CBB11 Frankie Dettorie 7th
29%
CBB14 George Gilbey 4th
29%
CBB22 Hardeep Singh Kohli 7th
29%
CBB7 Ivana Trump 7th
29%
CBB5 Jackiey Budden 12th
29%
CBB18 James Whale 9th
29%
CBB19 Jamie O'Hara 8th
29%
CBB10 Jasmine Lennard 13th
29%
CBB17 Jeremy McConnell 8th
29%
CBB22 Jermaine Pennant 8th
29%
CBB19 Jessica Cunningham 10th
29%
CBB17 Jonathan Cheban 15th
29%
CBB10 Julie Goodyear 7th
29%
CBB20 Karthik Nagesan 14th
29%
CBB15 Keith Chegwin 4th
29%
CBB5 Ken Russell 13th
29%
CBB14 Lauren Goodger 7th
29%
CBB12 Lauren Harries 3rd
29%
CBB21 Maggie Oliver 14th
29%
CBB21 Malika Haqq 7th
29%
CBB10 Martin Kemp 3rd
29%
CBB9 Michael Madsen 4th
29%
CBB15 Nadia Sawalha 9th
29%
CBB9 Natalie Cassidy 8th
29%
CBB22 Natalie Nunn 13th
29%
CBB9 Natasha Giggs 11th
29%
CBB22 Nick Leeson 4th
29%
CBB8 Pamela Bach Hasselhoff 9th
29%
CBB15 Patsy Kensit 10th
29%
CBB20 Paul Danan 10th
29%
CBB10 Prince Lorenzo Borghese 8th
29%
CBB10 Rhian Sugden 11th
29%
CBB14 Ricci Guarnaccio 8th
29%
CBB22 Rodrigo Alves 12th
29%
CBB9 Romeo 6th
29%
CBB12 Ron Atkinson 12th
29%
CBB11 Ryan Moloney 3rd
29%
CBB22 Sally Morgan 5th
29%
CBB18 Samantha Fox 7th
29%
CBB20 Sandi Bogle 9th
29%
CBB21 Shane Lynch 3rd
29%
CBB9 Shannon Twins 5th
29%
CBB7 Sisqo 8th
29%
CBB19 Stacy Francis 11th
29%
CBB7 Stephanie Beacham 5th
29%
CBB17 Stephanie Davis 2nd
29%
CBB16 Stevi Richie and Chloe Jasmine Whichello 5th
29%
CBB10 The Situation 4th
29%
CBB11 Tricia Penrose 6th
29%
CBB21 Wayne Sleep 5th
29%
CBB16 Bobby Davro 4th
14%
CBB8 Bobby Sabel 7th
14%
CBB16 Chris Ellison 12th
14%
CBB12 Courtney Stodden 8th
14%
CBB12 Danielle Marr 13th
14%
CBB20 Derek Acorah 4th
14%
CBB12 Dustin Diamond 10th
14%
CBB16 Gail Porter 10th
14%
CBB11 Gillian Taylforth 8th
14%
CBB21 Ginuwine 12th
14%
CBB18 Grant Bovey 14th
14%
CBB7 Heidi Fleiss 11th
14%
CBB20 Helen Lederer 8th
14%
CBB16 Jenna Jameson 8th
14%
CBB21 John Barnes 13th
14%
CBB7 Katia Ivanova 12th
14%
CBB15 Ken Morley 14th
14%
CBB11 Lacey Banghard 9th
14%
CBB8 Lucien Laviscount 5th
14%
CBB13 Luisa Zissman 4th
14%
CBB16 Natasha Hamilton 3rd
14%
CBB7 Nicola Tappeden 6th
14%
CBB11 Paula Hamilton 11th
14%
CBB11 Razor Ruddock 5th
14%
CBB10 Samantha Brick 10th
14%
CBB11 Sam Robertson 10th
14%
CBB16 Scoop 11th
14%
CBB16 Sherries Hewson 6th
14%
CBB12 Sophie Anderton 11th
14%
CBB12 Vicky Entwistle 6th
14%
No matching quizzes found
Score Distribution
Percent of People with Each Score
Percentile by Number Answered
Your Score History
You have not taken this quiz